01223nam a2200349Ia 4500001001200000003000800012006001900020007001500039008004100054010001700095020001800112020002600130040002100156035002100177050002600198082001700224100001900241245007700260246003600337260003400373300002400407490001800431500002000449533015200469650002300621650002100644655002900665710001700694830001900711856012600730999001700856ebr10716632CaPaEBRm o u cr cn|||||||||130611s2013 inua s 001 0 eng d z 2013934418 z9781118475812 z9781118475836 (ebook) aCaPaEBRcCaPaEBR a(OCoLC)84994037714aTK5102.9b.W53 2013eb04a621.38222231 aWickert, Mark.10aSignals & systems for dummiesh[electronic resource] /cby Mark Wickert.3 aSignals and systems for dummies aHoboken, NJ :bWiley,cc2013. axvi, 366 p. :bill.1 a--For dummies aIncludes index. aElectronic reproduction.bPalo Alto, Calif. :cebrary,d2013.nAvailable via World Wide Web.nAccess may be limited to ebrary affiliated libraries. 0aSignal processing. 0aSystem analysis. 7aElectronic books.2local2 aebrary, Inc. 0a--For dummies.40uhttp://site.ebrary.com/lib/rucke/Doc?id=10716632zAn electronic book accessible through the World Wide Web; click to view c25803d25803